000 00290nam a22001337a 4500
008 170310b xxu||||| |||| 00| 0 eng d
020 _a0781703107
041 _aeng
080 _a611
100 _a6
101 _aSHM
245 _aMUSCULOSKELETAL SYSTEM
_cBERQUIST.TH.M
942 _2udc
_cBK
999 _c7415
_d7415